[Event "Heusenstamm Sparkassen op-A 5th"]
[Site "Heusenstamm"]
[Date "2018.11.22"]
[Round "1"]
[White "Englert, Jon"]
[Black "Schmitt, Clemens"]
[Result "0-1"]
[WhiteElo "2022"]
[BlackElo "1746"]
[PlyCount "128"]
[EventDate "2018.11.22"]
[EventType "swiss"]
[EventRounds "7"]
[EventCountry "GER"]
[SourceTitle "CBM 188 Extra"]
[Source "ChessBase"]
[SourceDate "2019.02.26"]
[SourceVersion "1"]
[SourceVersionDate "2019.02.26"]
[SourceQuality "1"]

1. d4 Nf6 2. c4 g6 3. f3 d5 4. cxd5 Nxd5 5. e4 Nb6 6. Nc3 Bg7 7. Be3 0-0 8. Qd2 Nc6 9. 0-0-0 Qd6 10. Nb5 Qd7 11. Kb1 a6 12. Nc3 Rd8 13. e5 f6 14. f4 Nb4 15. a3 N4d5 16. Be2 Nxc3+ 17. Qxc3 Qa4 18. Nf3 Bf5+ 19. Ka1 Kh8 20. h3 Nd5 21. Qd2 Qb3 22. Bd3 Be6 23. Kb1 Nxe3 24. Qxe3 c5 25. dxc5 Bc4 26. Nd4 Qa2+ 27. Kc1 fxe5 28. Bb1 exd4 29. Bxa2 dxe3 30. Bxc4 Rac8 31. Rxd8+ Rxd8 32. Rd1 Bxb2+ 33. Kc2 Rxd1 34. Kxd1 Bxa3 35. c6 bxc6 36. Bxa6 Kg7 37. Ke2 Bc1 38. Kd3 c5 39. Bc4 e2 40. Kxe2 Bxf4 41. Kf3 Be5 42. Ke4 Kf6 43. Kd5 Bd6 44. Ke4 Kg5 45. Be6 Kh4 46. Kf3 Bc7 47. Bg8 h6 48. Be6 g5 49. Bd5 Be5 50. Ke4 Bf4 51. Kf3 e5 52. Be6 e4+ 53. Kxe4 Kg3 54. Kf5 Kxg2 55. Kg4 Kf2 56. h4 Ke3 57. Bc4 Kd4 58. Bb5 c4 59. Kf3 c3 60. Ba4 Kd3 61. hxg5 hxg5 62. Kf2 c2 63. Bxc2+ Kxc2 64. Ke2 g4 0-1

[Event "Wiesbaden op 30th"]
[Site "Wiesbaden"]
[Date "2018.08.25"]
[Round "4"]
[White "Schmitt, Clemens"]
[Black "Wolff, Michael"]
[Result "0-1"]
[WhiteElo "1711"]
[BlackElo "1962"]
[PlyCount "64"]
[EventDate "2018.08.23"]
[EventType "swiss"]
[EventRounds "7"]
[EventCountry "GER"]
[SourceTitle "CBM 186 Extra"]
[Source "ChessBase"]
[SourceDate "2018.08.24"]
[SourceVersion "1"]
[SourceVersionDate "2018.08.24"]
[SourceQuality "1"]

1. c4 Nf6 2. g3 e6 3. Bg2 d5 4. Nf3 Nbd7 5. 0-0 Be7 6. b3 0-0 7. Bb2 c6 8. d3 b6 9. Nc3 Bb7 10. Re1 Rc8 11. e4 dxe4 12. dxe4 Qc7 13. Qc2 Rfd8 14. Rad1 a6 15. Nd2 Ne5 16. Nf1 c5 17. f4 Nc6 18. e5 Ne8 19. Be4 h6 20. Qg2 Na5 21. Ne3 Bxe4 22. Nxe4 Nc6 23. Nc2 Rd7 24. Rxd7 Qxd7 25. Qe2 Rd8 26. Qg4 Qd3 27. Nf6+ Bxf6 28. exf6 Qxc2 29. Re2 Rd2 30. Rxd2 Qxd2 31. Be5 Nxe5 32. fxe5 Qd4+ 0-1

[Event "Rhein Main op-A 21st"]
[Site "Bad Homburg"]
[Date "2018.06.02"]
[Round "6"]
[White "Schmitt, Clemens"]
[Black "Boschek, Hans Joachim"]
[Result "0-1"]
[WhiteElo "1711"]
[BlackElo "1948"]
[PlyCount "60"]
[EventDate "2018.05.30"]
[EventType "swiss"]
[EventRounds "7"]
[EventCountry "GER"]
[SourceTitle "EXT 2019"]
[Source "ChessBase"]
[SourceDate "2018.10.10"]
[SourceVersion "1"]
[SourceVersionDate "2018.10.10"]
[SourceQuality "1"]

1. c4 e6 2. g3 Nf6 3. Bg2 d5 4. Nf3 c5 5. cxd5 Nxd5 6. 0-0 Be7 7. Nc3 0-0 8. Nxd5 exd5 9. d4 Nc6 10. dxc5 Bxc5 11. Qc2 Bb6 12. Rd1 Bg4 13. Ng5 g6 14. Bxd5 Qe7 15. Ne4 Bf5 16. Bh6 Rfc8 17. Qc4 Ne5 18. Qb3 Bxe4 19. Bxe4 Ng4 20. Qf3 Nxf2 21. Bxb7 Ne4+ 22. Kg2 Qxb7 23. b4 Qe7 24. Rac1 Rxc1 25. Rxc1 Re8 26. Rc4 Nd6 27. Qc3 Qxe2+ 28. Kh3 Qf1+ 29. Kg4 Qf5+ 30. Kh4 Qh5# 0-1